000 01202njm a22002777a 4500
005 20100901115333.0
006 a|||||r|||||00| 0
007 sd ammalaaahaa
008 100901t xxu||||| |||| 00| 0 eng d
028 _aN 55009
_bHis Master's Voice
035 _aGR-01504
040 _aSED
_cSED
100 _aBhosle, Asha
_917891
245 _aYeh Raat Phir Na Aaygi /
_cby Asha Bhosle [and] Mohd Rafi ; music by O.P.Nayyar ; lyrices by S.H. Bihari
_h[Sound recording]
246 _aयह रात फिर न आयगी / आशा भोसले
260 _aDUM DUM, India
_bHis Master's Voice
_c1965
300 _a1 Sound disc [Gramophone Recording] :
_banalog, 33 1/3 rpm
_c9.5 in. (MP)
_fGramophone Record
500 _aBrief record
505 _aSide-1 आप से मैंने (Aap se maine) (Asha Bhosle & Mohd Rafi) --Side-2 यही वह जगह है ( Yahi vah jagh hae) (Asha Bhhosle)
650 _aClassical music
_xExcerpts
_zIndia
_917892
700 _aMohd Rafi
_918963
700 _aNayyar, O.P.
_919150
700 _aBihari, S.H.
_919099
942 _2ddc
_cGR
999 _c44793
_d44793